| 000 | 00761cam a22002653a 4500 | ||
|---|---|---|---|
| 001 | 25252 | ||
| 003 | PGUSA | ||
| 005 | 20140828083537.0 | ||
| 008 | 080430s2008||||xxu|||||s|||||000 | eng d | ||
| 040 |
_aPGUSA _beng |
||
| 042 | _adc | ||
| 050 | 4 | _aAC | |
| 100 | 1 |
_aWu, Jing, _d670-749 |
|
| 245 | 1 | 0 |
_a貞觀政要 _h[electronic resource] / _cJing Wu |
| 260 |
_bProject Gutenberg, _c2008 |
||
| 506 | _aPublic domain in the USA. | ||
| 516 | _aElectronic text | ||
| 653 | _aTang Taizong, Emperor of China, 597-649 | ||
| 653 | _aChina -- Politics and government -- 581-907 | ||
| 653 | _aPolitical ethics -- China | ||
| 740 | 0 | _aZhen Guan Zheng Yao | |
| 830 | 0 |
_aProject Gutenberg _v25252 |
|
| 856 | 4 | 0 | _uhttp://www.gutenberg.org/ebooks/25252 |
| 942 | _cEB | ||
| 999 |
_c254507 _d254507 |
||